Observatorio de recursos humanos de salud /

Gardado en:
Detalles Bibliográficos
Autor Principal: Brito Q., Pedro E.
Autor Corporativo: Organización Panamericana de la Salud. Programa de Desarrollo de Recursos Humanos en Salud. Observatorio de los Recursos Humanos de Salud en las Reformas Sectoriales. División de Desarrollo de Sistemas y Servicios de Salud
Outros autores: Granda, Edmundo
Formato: Texto
Publicado: Quito: OPS/OMS
Etiquetas: Engadir etiqueta
Sen Etiquetas, Sexa o primeiro en etiquetar este rexistro!

MARC

LEADER 00000 a a2200000 04500
001 18273
003
040
090 |a 142600  
100 |a Brito Q., Pedro E.  
110 |a Organización Panamericana de la Salud. Programa de Desarrollo de Recursos Humanos en Salud. Observatorio de los Recursos Humanos de Salud en las Reformas Sectoriales. División de Desarrollo de Sistemas y Servicios de Salud  
245 |a Observatorio de recursos humanos de salud /  |c Pedro E. Brito Q. 
260 |a Quito:   |b OPS/OMS  
300 |a 140 p.  
300 |b **no definido**  
700 |a Granda, Edmundo  
999 |c 14211  |d 14211